|
|
|
|
| LEADER |
01285nam a2200337 a 4500 |
| 001 |
15134671 |
| 008 |
120806r20102009enkabe b 001 0 eng d |
| 010 |
|
|
|a 2008000357
|
| 020 |
|
|
|a 9780415453813 (hb)
|
| 020 |
|
|
|a 9780415453820 (pb)
|
| 020 |
|
|
|a 9780203894279
|
| 020 |
|
|
|a 041545381X
|
| 020 |
|
|
|a 0415453828
|
| 020 |
|
|
|a 0203894278
|
| 040 |
|
|
|a DLC
|c DLC
|d DLC
|d BD-DhAAL
|
| 050 |
0 |
0 |
|a HT166
|b .S9135 2009
|
| 082 |
0 |
0 |
|a 307.1/216
|2 22
|
| 245 |
0 |
4 |
|a The sustainable urban development reader /
|c edited by Stephen M. Wheeler and Timothy Beatley.
|
| 250 |
|
|
|a 2nd ed.
|
| 260 |
|
|
|a Abingdon, Oxon ;
|a New York :
|b Routledge,
|c c2009.[Reprinted 2010]
|
| 300 |
|
|
|a xiv, 494 p. :
|b ill., maps, plans ;
|c 26 cm.
|
| 504 |
|
|
|a Includes bibliographical references (p. [475]-478) and index.
|
| 541 |
|
|
|a 00025795
|
| 650 |
|
0 |
|a City planning.
|
| 650 |
|
0 |
|a Community development, Urban.
|
| 650 |
|
0 |
|a Sustainable urban development.
|
| 700 |
1 |
|
|a Wheeler, Stephen
|q (Stephen Maxwell)
|
| 700 |
1 |
|
|a Beatley, Timothy,
|d 1957-
|
| 852 |
1 |
|
|a Ayesha Abed Library
|j General shelf
|
| 999 |
|
|
|c 12733
|d 12733
|
| 952 |
|
|
|0 0
|1 0
|2 ddc
|4 0
|6 307_121600000000000_SUS
|7 0
|9 20989
|a IGS
|b IGS
|c GEN
|d 2012-08-06
|e Karim International
|g 3630.00
|l 1
|m 2
|o 307.1216 SUS
|p 3010025795
|r 2014-06-09
|s 2013-02-14
|t 1
|w 2012-08-06
|y BK
|